Teach Yourself Autocad 13 : (Record no. 196051)
[ view plain ]
| 000 -LEADER | |
|---|---|
| fixed length control field | 00959 a2200193 4500 |
| 003 - CONTROL NUMBER IDENTIFIER | |
| control field | Nust |
| 005 - DATE AND TIME OF LATEST TRANSACTION | |
| control field | 20221019143305.0 |
| 040 ## - CATALOGING SOURCE | |
| Transcribing agency | Nust |
| 082 ## - DEWEY DECIMAL CLASSIFICATION NUMBER | |
| Classification number | 620.00420285,GIB |
| 100 ## - MAIN ENTRY--PERSONAL NAME | |
| Personal name | John W.Gibb |
| 9 (RLIN) | 100825 |
| 245 ## - TITLE STATEMENT | |
| Title | Teach Yourself Autocad 13 : |
| Remainder of title | for Windows / |
| Statement of responsibility, etc. | John W.Gibb |
| 250 ## - EDITION STATEMENT | |
| Edition statement | Covers Through Version 13 |
| 260 ## - PUBLICATION, DISTRIBUTION, ETC. | |
| Place of publication, distribution, etc. | New Delhi |
| Name of publisher, distributor, etc. | BPB |
| Date of publication, distribution, etc. | 1995 |
| 300 ## - PHYSICAL DESCRIPTION | |
| Extent | xi,371p; |
| 505 ## - FORMATTED CONTENTS NOTE | |
| Formatted contents note | Getting Started (Page-5), A Quick Tour of Auto CAD (Page-15), Drawing Commands (Page-47), Editing Commands (Page-83), More Editing Commands (Page-107), Still More Editing Commands (Page-129), Display Commands (Page-161), Precision Input (Page-197), Inquiry Commands (Page-219), Annotating the Drawing (Page-241), Using Block and External References (Page-289), Plotting and Peperspace (Page-313), Putting it all Together (Page-343), Configuring AutoCAD (Page-355), Index (Page-363). |
| 610 ## - SUBJECT ADDED ENTRY--CORPORATE NAME | |
| Corporate name or jurisdiction name as entry element | Autocad |
| 9 (RLIN) | 100826 |
| 650 ## - SUBJECT ADDED ENTRY--TOPICAL TERM | |
| Topical term or geographic name entry element | Autocad |
| 9 (RLIN) | 66663 |
| 942 ## - ADDED ENTRY ELEMENTS (KOHA) | |
| Source of classification or shelving scheme | |
| Koha item type | Book |
| Withdrawn status | Lost status | Source of classification or shelving scheme | Damaged status | Not for loan | Permanent Location | Current Location | Shelving location | Date acquired | Full call number | Barcode | Date last seen | Price effective from | Koha item type | Public note |
|---|---|---|---|---|---|---|---|---|---|---|---|---|---|---|
| Military College of Signals (MCS) | Military College of Signals (MCS) | General Stacks | 12/12/2016 | 620.00420285,GIB | MCS1939 | 12/08/2016 | 12/12/2016 | Book | Almirah No.27, Shelf No.1 |
